Quizzes
Events
Quiz Creation
Community
Videos
Private Events
Remove Ads
Sign In
Join for FREE
Feedback
Dark Mode
Quiz Categories
Sports
Geography
Music
Movies
Television
Just For Fun
Miscellaneous
History
Literature
Language
Science
Gaming
Entertainment
Religion
Holiday
For Kids
Quiz Lab
Recent
Popular Today
Quiz Kudos Today
Editor Picks
Curator Picks
Quizzes by...
Day
Popularity
Type
Ratings
Length
Year
Community
Subscriptions
Recent Discussions
Orange Saloon
Badges
Playlists
Quests
Create
Leaderboards
Showdown
Live 5
Trivia Bingo
Activity
Puzzle Library
Sporcle Events
Private Events
Virtual Trivia
Globe League
Become a Host
Pub Owners
SporcleCon
Opinionation
Our Games
Videos
Blog
Mobile Apps
Partnerships
Remove Ads and Go Orange
Feedback
Geography
Country
Landmarks
City
State
Population
World
Capital
Continent
Flags
Europe
Africa
Asia
South America
North America
Oceania
Border
Canada
United Kingdom
Topography
United States
Geography
Country
Landmarks
City
State
Population
World
Capital
Continent
Flags
Europe
Africa
Asia
South America
North America
Oceania
Border
Canada
United Kingdom
Topography
United States
Random Quiz
Search Sporcle
×
Quiz Lab
Quiz Lab
Geography
Letter
Type in answers that appear in a list
Type in answers that appear in a list
Classic
Best Score? Go Orange.
'H' geography sampler Stats
Can you name the top 5 most populous geographic places beginning with the letter 'H'?
By
ckrubin
15m
38 Questions
1,963 Plays
1,963 Plays
1,963 Plays
Comments
Comments
Give Quiz Kudos
Give Quiz Kudos
-
- Ratings
hide this ad
Replay
Link that replays current quiz
Next Quiz
Link to next quiz in quiz playlist
You Got
0%
They Got
Avg Score
34%
Avg Friend Score
Upgrade to see
Score Distribution
Jump to the score distribution portion of the page
Score
0/38
Timer
15:00
0
Plays Today
category
answer
% Correct
countries
Haiti
84%
countries
Honduras
82.9%
countries
Hungary
79.3%
world capitals
Hanoi, Vietnam
73.1%
North American cities
Houston, U.S.A.
72.2%
world capitals
Helsinki, Finland
69.6%
European cities
Helsinki, Finland
69.6%
European cities
Hamburg, Germany
61%
world capitals
Havana, Cuba
58.6%
North American cities
Havana, Cuba
58.6%
Oceanian cities
Honolulu, U.S.A.
50.9%
Asian cities
Hong Kong, China
50.4%
world capitals
Harare, Zimbabwe
49.2%
African cities
Harare, Zimbabwe
49.2%
Asian cities
Ho Chi Minh City, Vietnam
44.2%
African cities
Harar, Ethiopia
43.4%
European cities
Hanover, Germany
34.6%
world capitals
Honiara, Solomon Islands
33.6%
Oceanian cities
Honiara, Solomon Islands
33.6%
category
answer
% Correct
Asian cities
Hyderabad, India
29.1%
Oceanian cities
Hobart, Australia
28.3%
North American cities
Hamilton, Canada
24.2%
Oceanian cities
Hamilton, New Zealand
24.2%
Asian cities
Harbin, China
19.3%
Asian cities
Hangzhou, China
17.5%
European cities
Hrodna, Belarus
8.8%
Oceanian cities
Hastings, New Zealand
7.1%
North American cities
Hermosillo, Mexico
6.7%
European cities
Horlivka, Ukraine
4.5%
South American cities
Huancayo, Peru
4.2%
African cities
Huambo, Angola
4.2%
North American cities
Holguín, Cuba
3.5%
South American cities
Huánuco, Peru
3.2%
African cities
Hurghada, Egypt
3%
South American cities
Hortolândia, Brazil
2.6%
South American cities
Huaraz, Peru
2.5%
South American cities
Hualpén, Chile
2.2%
African cities
Hassi Bahbah, Algeria
1.7%
Quiz Playlist
Details
Report
Send in Message
Add To Playlist
Classic:
Type in answers that appear in a list
Quiz Source
Last Updated: Feb 16, 2017
Quiz Scoreboard
CHALLENGE
Sign Up to Join the Scoreboard
Show All
Scores
Hide
Comments
May contain spoilers
Recently Published
Popular People in 1961
by mucciniale
History
6m
1-10 Letter E Words III
by El_Dandy
Language
2m
One Thing in Common: World Cities II
by knightlancer
Geography
7m
More to Explore
Quiz From the Vault
Featured Blog Post
Where Did the Easter Bunny Come From?
hide this ad
You Might Also Like...
Tags
Letter Quiz
Begins With
Category
place
Today's Top Quizzes in Geography
Browse Geography
hide this ad
Today's Top Quizzes in Letter
Browse Letter
Top Contributed Quizzes in Geography
1
Countries of the World - No Outlines Minefield
2
Top 25 Cities of France on a map
3
Closest Countries to UK A-Z
4
African Flag Reveal XLV
5
Blind Ultimate Minefield: USA
6
One Thing in Common: United Kingdom
7
Blind Secret Country CLXXXVIII
8
One Thing in Common: Asia
9
Find the US States - No Outlines
10
One Thing in Common: Geography
Explore More
Trending Topics
Disney
NBA
Crossword
Harry Potter
Marvel
Kpop
Anime
The Office
NFL
WWE
Pokémon
Soccer
Song
Puzzle
Country
hide this ad
More By:
ckrubin
Quiz
Plays
Rating
Category
Featured
Created
Classical Composers
260,980
4.69
Music
Oct 12, 2009
Opening Day Lineups: Guardians
98,198
4.38
Sports
Sep 25, 2009
Most Performed Operas
52,302
4.37
Music
Sep 30, 2009
ASOIAF: Match the siblings
12,995
4.60
Literature
Jun 18, 2013
ASOIAF: A Game of Thrones chapters by first sentence
12,735
4.88
Literature
Mar 31, 2013
Go to Creator's Profile
Score Distribution
Quiz Creator Spotlight
ckrubin
Follow
Send a Message
Quizzes Created
-
Created Quiz Play Count
-
More By This Creator
Popular Quizzes Today
1
Find the US States - No Outlines Minefield
2
Find the Countries of Europe - No Outlines Minefield
3
The Countries of the World
4
Popular People in 1961
5
1-10 Letter E Words III
6
Find the US States
7
US States
8
One Thing in Common: World Cities II
More Geography Quizzes
Decade by Three Geographical Events
Published
Trending Quizzes
Risky Map Clicking: Least Populous States A-Z
1-10 Letter F Words
1-10 Letter G Words
One Thing in Common: United Kingdom
Risky Map Clicking: Next State Alphabetically
Recently Updated
Leaping Animals
pecheneg
Reality TV Shows (A-Z)
bhenderson79
Rickey Henderson's Hall of Fame Teammates
pecheneg
Champions League XIs: Arsenal
pecheneg
Quick Pick: Celebrities in WWE's Hall of Fame
aduchscher
A-Z Keypad Blitz II
pecheneg
Multiple Oscar Actors
pecheneg
Mystery Phrase Blitz: Oscar 'Best Actors'
pecheneg
F. Scott Fitzgerald Novels
LTH
Pick 3 Villains
ddd62291
Trending Topics
Disney
Crossword
Anime
Marvel
Harry Potter
Kpop
NBA
Country
NFL
Soccer
The Office
Pokémon
WWE
Puzzle
Song
Your Account Isn't Verified!
In order to create a playlist on Sporcle, you need to verify the email address you used during registration. Go to your
Sporcle Settings
to finish the process.
Report this User
Report this user for behavior that violates our
Community Guidelines
.
Details:
Send Report
Go to the Sporcle.com Mobile Site →
Comments